000 00604nam a22001817a 4500
003 UA-OsUOA
001 15884
007 ta
008 20031210b un ||||| |||| 00| 0 ukr d
100 _aТубіна С.
942 _cSA
040 _aUA-OsUOA
_cUA-OsUOA
_dUA-OsUOA
245 _aГоризонти "Агро-Сервісу" [- с.г. вироб. кооперативу . який очолює С.Грач. Демидів. р-н]
300 _aС.2
955 _a0
773 0 _w0
_tВісті Рівненщини
_dРівне
_d2003
_g№90/29 жовт./
650 7 _aАгро-Сервіс
_2UDC
999 _c302049
_d302049